| 000 | 00435nam a2200181Ia 4500 | ||
|---|---|---|---|
| 001 | 61751 | ||
| 008 | 141120s9999 xx 000 0 und d | ||
| 020 | _a9783034601009 | ||
| 040 | _cPK-LaUMT | ||
| 082 |
_a 712 _bMOR- |
||
| 100 | _aNussaum, Andrea | ||
| 245 |
_aMore than architecture _cNussaum, Andrea |
||
| 260 |
_aBasel: _bBirkhauser Verlag, _c2009 |
||
| 300 | _a150 p. | ||
| 546 | _aEN | ||
| 650 | _aArchitecture | ||
| 942 | _cBK | ||
| 999 |
_c62194 _d62194 |
||